00472 2200169 4500001002100000008004100021020002200062035002000084082000800104084001400112100002200126245007900148260002800227300002400255650000800279990001500287INLIS000000000003295 ind  a978-623-134-155-6 a0010-1225000116 a560 a560 PAT f aDaniels, Patricia a1000 Fakta Tentang Dinosaurus, Fosil dan Kehidupan PurbacPatricia Daniels aJakartabGramediac2024 a112 hlmc21 x 26 cm aIPA a19770/B/26